| 000 | 00000nam##2200000za#4500 |
| 001 | 9.598083 |
| 003 | CaOODSP |
| 005 | 20210624204351 |
| 007 | cr ||||||||||| |
| 008 | 150406|2009||||xxc|||||o f|0| 0 fre|d |
| 020 | |a978-1-100-92897-5 |
| 040 | |aCaOODSP|bfre |
| 043 | |an-cn--- |
| 086 | 1 |aEn3-5/6-2009F-PDF |
| 110 | 1 |aCanada. |bMinistère des pêches et des océans. |
| 245 | 10|aPlan de gestion de la lampsile jaune (Lampsilis cariosa) au Canada - proposition |h[ressource électronique] |
| 260 | |bPêches et Océans Canada |cNovembre 2009. |
| 300 | |a54p.|bglossaire, cartes, références, tableaux, photographies |
| 490 | 1 |aLoi sur les espèces en péril, série de Plans de gestion |
| 590 | |a09-48|b2009-11-27 |
| 775 | 08|tManagement plan for the Yellow Lampmussel (Lampsilis cariosa) in Canada - proposed |w(CaOODSP)9.566621 |
| 830 | #0|aLoi sur les espèces en péril, série de plans de gestion.|w(CaOODSP)9.501525 |
| 856 | 40|ahttp://publications.gc.ca|qPDF|s790 Ko|uhttps://publications.gc.ca/collections/collection_2009/mpo-dfo/En3-5-6-2009F.pdf |